Statistics for Spanish Vocabulary Words That Start With H

Click here to take the quiz!

General Stats

  • This quiz has been taken 3,419 times
  • The average score is 22 of 35

Answer Stats

English español % Correct
hourhora
97%
sisterhermana
97%
to speakhablar
97%
hellohola
96%
egghuevo
94%
manhombre
94%
todayhoy
93%
daughterhija
92%
to makehacer
92%
historyhistoria
92%
ice creamhelado
84%
untilhasta
79%
honesthonesto
75%
icehielo
73%
hamburgerhamburguesa
69%
humanityhumanidad
69%
humidhúmido
68%
shoulderhombro
64%
ovenhorno
63%
schedulehorario
54%
smokehumo
49%
bonehueso
49%
herohéroe
49%
leafhoja
48%
herbhierba
47%
flourharina
46%
anthormiga
45%
to boilhervir
43%
helicopterhelicóptero
42%
injuryherida
37%
skillhabilidad
33%
liverhígado
32%
guesthuésped
29%
toolherramienta
26%
mortgagehipoteca
21%

Score Distribution

Percentile by Number Answered

Percent of People with Each Score

Your Score History

You have not taken this quiz